Techniques in Musculoskeletal rehabititation (0 07 135498 0)

Сохранить в:
Библиографические подробности
Главный автор: WILLIAM E PRENTICE
Формат:
Язык:Undetermined
Опубликовано: McGraw-Hill 2001
Метки: Добавить метку
Нет меток, Требуется 1-ая метка записи!
Thư viện lưu trữ: Trung tâm Học liệu Trường Đại học Cần Thơ
LEADER 00477nam a2200145Ia 4500
001 CTU_49441
008 210402s9999 xx 000 0 und d
082 |a 615.82 
082 |b T255 
100 |a WILLIAM E PRENTICE 
245 0 |a Techniques in Musculoskeletal rehabititation (0 07 135498 0) 
245 0 |c WILLIAM E PRENTICE; Biên tập, hiệu đính: Michael L. Voight 
260 |b McGraw-Hill 
260 |c 2001 
980 |a Trung tâm Học liệu Trường Đại học Cần Thơ